000 00419nam a2200133Ia 4500
008 100328s9999 xx 000 0 und d
082 _b59110
100 _aमहाले मुकुंद आत्माराम.
245 _aप्रेम संघर्ष.
260 _bजाणीव.
630 _aप्रेम संघर्ष.
730 _aप्रेम संघर्ष.
942 _cBOOK
999 _c545374
_d545371